Todo lo de las focas /

Bewaard in:
Bibliografische gegevens
Hoofdauteur: Campbell, Federico (autor)
Formaat: Boek
Taal:Spaans
Reeks:(Cuadernos de Humanidades. Narrativa ; 1)
Onderwerpen:
Tags: Voeg label toe
Geen labels, Wees de eerste die dit record labelt!

MARC

LEADER 00000nam^a2200000^a^4500
001 000069004
005 20250521000000.0
009 20260310091350.505
037 |a Acervo ITESO - Biblioteca 
041 |a ESP 
082 |a 863.  |b CAM 
100 |a Campbell, Federico  |e (autor) 
245 1 0 |a Todo lo de las focas /  |c F. Campbell. 
264 |a México :  |b UNAM, Coordinación de Difusión Cultural,  |c 1982 
300 |a 135 p. 
336 |a texto  |b txt  |2 rdacontenido 
337 |a sin mediación  |b n  |2 rdamedio 
338 |a volumen  |b nc  |2 rdasoporte 
440 1 |a (Cuadernos de Humanidades.  |p Narrativa ;  |v 1) 
649 |a XX 
650 |a Novela Mexicana 
650 |a Literatura Mexicana -  |y Siglo XX 
910 |a Fondo Armando Suárez Gómez 
920 |a Impresos - Libros 
930 |a Fondos Especiales 
940 |a Literatura 
905 |a 111 
901 |a 0700005848  |b IT2  |c ESP  |u 20250521 
902 |a https://opac.biblio.iteso.mx/vufind/Record/000069004